000 01116nam a2200169Ia 4500
005 20250728154342.0
008 250728s9999 xx 000 0 und d
020 _a9780571201709
082 _a949.587
_bDUR
100 _aDurrell, Lawrence
245 0 _aReflections on a Marine Venus
260 _bFaber & Faber Limited
_c2000
300 _a230 pages
500 _aIn his hugely popular Prospero's Cell, Lawrence Durrell brought Corfu to life, attracting tens of thousands of visitors to the island. With Reflections on a Marine Venus, he turns to Rhodes: ranging over its past and present, touching with wit and insights on the history and myth which the landscape embodies, and presenting some real and some imagined. With the same wit, tenderness and poetic insight that characterized Prospero's Cell, Reflections on a Marine Venus is an excellent introduction the Eastern Mediterranean. 'How pleasant . . . to meet Mr Durrell, gloating over his enjoyment of a Greek island! . . . He excites a longing to leave for Rhodes at once.' Raymond Mortimer
650 _aRhodes (Greece : Island)
942 _cENGLISH
999 _c577737
_d577737